Statistics for Densest Elements

Click here to take the quiz!

General Stats

  • This quiz has been taken 35 times
  • The average score is 11 of 20

Answer Stats

#DensityAnswer% Correct
719,300Gold
96%
2011,340Lead
88%
919,050Uranium
88%
619,816Plutonium
83%
1513,534Mercury
71%
122,590Osmium
71%
321,450Platinum
71%
819,250Tungsten
67%
1413,670Americium
54%
1215,100Californium
50%
520,450Neptunium
50%
222,560Iridium
46%
1016,650Tantalum
46%
1911,724Thorium
46%
1115,370Protactinium
38%
421,020Rhenium
38%
1613,510Curium
33%
1713,310Hafnium
33%
1811,850Thallium
33%
1314,780Berkelium
29%

Score Distribution

Percentile by Number Answered

Percent of People with Each Score

Your Score History

You have not taken this quiz